| 000 | 01428nam a2200301 i 4500 | ||
|---|---|---|---|
| 001 | 54284 | ||
| 003 | ES-MaACL | ||
| 005 | 20250913063051.0 | ||
| 007 | t| | ||
| 008 | 940301m18921893sp |||| | spa d | ||
| 040 |
_aAS _bspa _cES-MaACL |
||
| 100 | 1 |
_aFlores, Antonio, _d1818-1865 _951252 _eaut |
|
| 245 | 1 | 0 |
_aAyer, hoy y mañana o La fe, el vapor y la electricidad : _bcuadros sociales de 1800, 1850 y 1899 / _cdibujados a la pluma por Antonio Flores. |
| 250 | _aNueva edición ilustrada | ||
| 260 |
_aBarcelona : _bMontaner y Simón, _c1892-1893. |
||
| 300 |
_a3 volúmenes (431 ; 462 ; 340 páginas) : _bilustrado ; _c25 cm. |
||
| 530 | _aDisponible en formato digital. | ||
| 740 | 3 | 2 | _aLa fé, el vapor y la electricidad. |
| 852 |
_aES-MaACL _jC-3596 _956367 _cSPAL _pVolumen I _xEncuadernación cartoné |
||
| 852 |
_aES-MaACL _jC-3597 _cSPAL _pVolumen II _xEncuadernación cartoné |
||
| 852 |
_aES-MaACL _jC-3598 _cSPAL _pVolumen III _xEncuadernación cartoné |
||
| 856 |
_uhttps://archive.org/details/ayerhoyymaanala01florgoog/page/n9 _zInternet Archive _z(v. 1) |
||
| 856 |
_uhttp://bvpb.mcu.es/es/consulta/registro.do?id=463622 _zBiblioteca Virtual del Patrimonio Bibliográfico _z(v. 2) |
||
| 856 |
_uhttps://archive.org/details/ayerhoyymaanala00florgoog/page/n9 _zInternet Archive _z(v. 3) |
||
| 942 |
_cMONANT _n0 |
||
| 999 |
_c54284 _d54284 |
||